Países con una calificación crediticia de AAA - Estadísticas

Estadísticas generales
  • Esta prueba ha sido intentada 2.697 veces
    1.451 desde el último reinicio
  • La puntuación promedio es 7 de 9
Estadísticas de respuestas
País % Correcto
Suiza
86%
Alemania
85%
Noruega
85%
Suecia
85%
Dinamarca
74%
Luxemburgo
72%
Países Bajos
70%
Australia
57%
Singapur
52%
No se encontraron pruebas coincidentes
Distribución de puntuación
Porcentaje de gente con cada puntuación
Porcentaje por número respondido
Historial de tus puntuaciones
No has intentado esta prueba desde el último reinicio